[Event "I Festival dell'Etna A"]
[Site "Nicolosi ITA"]
[Date "2014.12.08"]
[Round "7"]
[White "Iannello, Antonio"]
[Black "Rosolia, Giuseppe"]
[WhiteElo "1907"]
[BlackElo "1806"]
[Result "1-0"]
[PlyCount "87"]
[EventDate "2014.12.05"]

1. e4 e5 2. Nf3 d6 3. d4 exd4 4. Nxd4 g6 5. Nc3 Bg7 6. Be3 Nf6 7. f3 O-O 8. Qd2
d5 9. Nb3 dxe4 10. Qxd8 Rxd8 11. fxe4 c6 12. Bd3 Nbd7 13. O-O-O Ne5 14. Be2 Bg4
15. Rxd8+ Rxd8 16. Bxg4 Nfxg4 17. Bxa7 Nc4 18. Rd1 Rxd1+ 19. Nxd1 Bh6+ 20. Kb1
Nxh2 21. c3 Nf1 22. Kc2 Ng3 23. Nc5 b6 24. Nd7 Nxe4 25. Nxb6 Ncd6 26. a4 f5 27.
Nd7 Nc8 28. Bd4 Bg7 29. Bg1 c5 30. Nxc5 Nxc5 31. Bxc5 Bf8 32. Bf2 g5 33. a5 h5
34. a6 f4 35. a7 Nxa7 36. Bxa7 g4 37. Kd3 f3 38. gxf3 g3 39. Ke2 h4 40. Kf1 Kf7
41. Kg2 Ke6 42. Bd4 Be7 43. Ne3 Bg5 44. Kh3 1-0

[Event "I Festival dell'Etna A"]
[Site "Nicolosi ITA"]
[Date "2014.12.08"]
[Round "7"]
[White "La Franca, Vincenzo"]
[Black "Licata, Silvio"]
[WhiteElo "1591"]
[BlackElo "1489"]
[Result "1/2-1/2"]
[PlyCount "71"]
[EventDate "2014.12.05"]

1. d4 Nf6 2. Nf3 g6 3. Nc3 Bg7 4. e4 d6 5. Be3 Nbd7 6. Qd2 h6 7. Bd3 b6 8. Ne2
Bb7 9. Ng3 c5 10. d5 Rc8 11. c4 Ng4 12. O-O Nxe3 13. fxe3 Ne5 14. Nxe5 Bxe5 15.
Rf3 f6 16. Raf1 Kd7 17. Ne2 Qg8 18. Nc3 g5 19. Qf2 Kc7 20. Rf5 Rf8 21. Bc2 Bc8
22. Ba4 a6 23. Bd1 h5 24. g3 Rf7 25. Ba4 g4 26. Rxe5 dxe5 27. d6+ exd6 28. Nd5+
Kb7 29. Qd2 Qg5 30. Nxb6 Kxb6 31. Qxd6+ Kb7 32. Qd5+ Kb8 33. Qxf7 Qxe3+ 34. Rf2
Qe1+ 35. Rf1 Qe3+ 36. Rf2 1/2-1/2

[Event "I Festival dell'Etna A"]
[Site "Nicolosi ITA"]
[Date "2014.12.08"]
[Round "7"]
[White "Lalic, Bogdan"]
[Black "Sardo, Gabriele"]
[WhiteElo "2479"]
[BlackElo "2211"]
[Result "1-0"]
[PlyCount "77"]
[EventDate "2014.12.05"]

1. d4 Nf6 2. c4 e6 3. Nc3 Bb4 4. Qc2 O-O 5. a3 Bxc3+ 6. Qxc3 b6 7. Bg5 Bb7 8.
e3 d6 9. Ne2 Nbd7 10. Qd3 h6 11. Bh4 Re8 12. Nc3 Nf8 13. f3 Ng6 14. Bf2 e5 15.
e4 Nd7 16. d5 a5 17. g3 Bc8 18. Qd1 Nc5 19. b4 axb4 20. axb4 Rxa1 21. Qxa1 Nb3
22. Qd1 Nd4 23. f4 f5 24. Bxd4 exd4 25. Qxd4 fxe4 26. Bg2 Qf6 27. Qxf6 gxf6 28.
Kd2 e3+ 29. Kd3 e2 30. Re1 Bf5+ 31. Be4 Bxe4+ 32. Nxe4 Kf7 33. Rxe2 f5 34. Nc3
Rxe2 35. Nxe2 Ke8 36. Nd4 Ne7 37. Ke3 Kd7 38. Kf3 h5 39. b5 1-0

[Event "I Festival dell'Etna A"]
[Site "Nicolosi ITA"]
[Date "2014.12.08"]
[Round "7"]
[White "Lombardo, Corrado"]
[Black "Astorina, Davide"]
[WhiteElo "1855"]
[BlackElo "1563"]
[Result "1-0"]
[PlyCount "89"]
[EventDate "2014.12.05"]

1. e4 e5 2. Nf3 Nf6 3. Nxe5 d6 4. Nf3 Nxe4 5. Nc3 Nxc3 6. dxc3 Bf5 7. Bc4 Nc6
8. Be3 Be7 9. Qe2 O-O 10. O-O-O Bf6 11. h4 Re8 12. Bd5 Be4 13. Bxe4 Rxe4 14.
Qd3 Ra4 15. Kb1 Ne5 16. Qd5 Nxf3 17. Qxf3 Rxh4 18. Rxh4 Bxh4 19. Bd4 c5 20.
Bxc5 Qf6 21. Qxf6 gxf6 22. Rxd6 Re8 23. Be3 Bg5 24. Rd3 Bxe3 25. Rxe3 Rxe3 26.
fxe3 Kg7 27. Kc1 Kg6 28. Kd2 Kf5 29. Ke2 Ke4 30. c4 f5 31. b4 f4 32. exf4 Kxf4
33. Kd3 Ke5 34. a4 h5 35. c5 Kd5 36. c4+ Kc6 37. Kd4 b6 38. cxb6 axb6 39. a5
bxa5 40. bxa5 Kb7 41. c5 f5 42. Ke5 Kc6 43. a6 Kc7 44. Kxf5 Kb8 45. c6 1-0

[Event "I Festival dell'Etna A"]
[Site "Nicolosi ITA"]
[Date "2014.12.08"]
[Round "7"]
[White "Mammoliti, Raffaele"]
[Black "Russo, Carmelo"]
[WhiteElo "1512"]
[BlackElo "1647"]
[Result "0-1"]
[PlyCount "32"]
[EventDate "2014.12.05"]

1. d4 Nf6 2. c4 g6 3. Nc3 d5 4. Bg5 Ne4 5. Nxe4 dxe4 6. e3 Bg7 7. g3 c6 8. a3
Qa5+ 9. b4 Qxg5 10. Ne2 Bg4 11. h4 Qf5 12. Qc2 Bf3 13. Bh3 Qf6 14. O-O O-O 15.
Nf4 e5 16. d5 exf4 0-1

[Event "I Festival dell'Etna A"]
[Site "Nicolosi ITA"]
[Date "2014.12.08"]
[Round "7"]
[White "Monaco, Alessandro"]
[Black "Gigante, Giovanni"]
[WhiteElo "1664"]
[BlackElo "1801"]
[Result "0-1"]
[PlyCount "112"]
[EventDate "2014.12.05"]

1. d4 Nf6 2. Bf4 e6 3. e3 b6 4. Nd2 Bb7 5. Ngf3 Be7 6. Bd3 c5 7. c3 O-O 8. Qc2
cxd4 9. exd4 d5 10. Bg5 h6 11. Bh4 Nc6 12. O-O Rc8 13. a3 Qc7 14. Bg3 Bd6 15.
Bxd6 Qxd6 16. Qd1 Qb8 17. Re1 a6 18. Qe2 b5 19. Ne5 Nxe5 20. dxe5 Nd7 21. Nb3
Ba8 22. f4 Nc5 23. Nxc5 Rxc5 24. Qg4 Rc7 25. f5 exf5 26. Qxf5 Qb6+ 27. Kh1 g6
28. Qf4 Kg7 29. Rf1 Re8 30. Rae1 Re6 31. Re3 Rd7 32. Rh3 h5 33. Qg5 d4 34. Rxh5
Bxg2+ 35. Qxg2 dxc3 36. Rh3 cxb2 37. Qxb2 Rde7 38. Qd2 Qc6+ 39. Kg1 Qc5+ 40.
Rf2 Qxe5 41. Qh6+ Kg8 42. Qh7+ Kf8 43. Bxg6 Rxg6+ 44. Qxg6 Qe1+ 45. Kg2 Qxf2+
46. Kxf2 fxg6 47. Rg3 Kf7 48. h4 Re5 49. Kf3 Rc5 50. Ke2 Kf6 51. Kd3 Rc4 52.
Rf3+ Ke5 53. Re3+ Kf5 54. Rf3+ Rf4 55. Rh3 Kg4 56. Rh1 Rf3+ 0-1

[Event "I Festival dell'Etna A"]
[Site "Nicolosi ITA"]
[Date "2014.12.08"]
[Round "7"]
[White "Musso, Andrea"]
[Black "Paladino, Antonio"]
[WhiteElo "1697"]
[BlackElo "1537"]
[Result "1-0"]
[PlyCount "81"]
[EventDate "2014.12.05"]

1. e4 e6 2. d4 d5 3. exd5 exd5 4. c4 Nf6 5. Nf3 Bb4+ 6. Bd2 Qe7+ 7. Qe2 Qxe2+
8. Bxe2 Bxd2+ 9. Nbxd2 Nc6 10. O-O O-O 11. c5 Bf5 12. Bb5 Nb4 13. Nh4 Bd3 14.
Bxd3 Nxd3 15. Ndf3 Nf4 16. g3 Ne6 17. Rfd1 Rfe8 18. Ne5 Nxd4 19. Nxf7 Ne2+ 20.
Kf1 Kxf7 21. Rd2 Nxg3+ 22. hxg3 Re6 23. Nf3 c6 24. Ng5+ Ke7 25. Nxe6 Kxe6 26.
Re1+ Kf7 27. f3 Nd7 28. b4 b6 29. Rde2 Rd8 30. Re6 bxc5 31. Rxc6 cxb4 32. Rd6
a5 33. Rxd5 a4 34. Re4 b3 35. axb3 a3 36. Ra5 a2 37. Rxa2 Nc5 38. Rf4+ Kg8 39.
b4 Nd3 40. Rd2 g5 41. Re4 1-0

[Event "I Festival dell'Etna A"]
[Site "Nicolosi ITA"]
[Date "2014.12.08"]
[Round "7"]
[White "Nobile, Stefano"]
[Black "Savalla, Pietro"]
[WhiteElo "1803"]
[BlackElo "1919"]
[Result "0-1"]
[PlyCount "120"]
[EventDate "2014.12.05"]

1. g3 d5 2. Bg2 Nf6 3. Nf3 c6 4. d3 Nbd7 5. Nbd2 e5 6. O-O Bd6 7. e4 dxe4 8.
dxe4 O-O 9. Qe2 Bc7 10. Rd1 Qe7 11. Nh4 Nb6 12. h3 Be6 13. a4 a5 14. b3 Rfd8
15. Ba3 Qe8 16. Nf1 Rxd1 17. Rxd1 Rd8 18. Ne3 Rxd1+ 19. Qxd1 Qd7 20. Qxd7 Nfxd7
21. Nhf5 Nc8 22. Bf1 Nf6 23. f3 Bb6 24. Kf2 Bxf5 25. exf5 Nd5 26. Bc1 Nd6 27.
Bd3 f6 28. Bd2 Kf8 29. Ke2 Nxe3 30. Bxe3 Bxe3 31. Kxe3 Ke7 32. f4 exf4+ 33.
Kxf4 Nf7 34. h4 Kd6 35. g4 Kc5 36. c3 Ne5 37. Be2 Nd7 38. Ke3 Ne5 39. Kf4 b5
40. axb5 cxb5 41. Bd1 b4 42. c4 Nxc4 43. g5 Ne5 44. h5 h6 45. gxf6 gxf6 46. Ke4
Nf7 47. Be2 Nd6+ 48. Kd3 Nxf5 49. Bd1 Nd6 50. Ke3 Kd5 51. Bc2 Ke5 52. Bd3 f5
53. Bc2 Nb5 54. Kd3 Nd4 55. Bd1 f4 56. Kc4 Ke4 57. Bg4 f3 58. Bxf3+ Nxf3 59.
Kb5 Kd4 60. Kxa5 Kc3 0-1

[Event "I Festival dell'Etna A"]
[Site "Nicolosi ITA"]
[Date "2014.12.08"]
[Round "7"]
[White "Norrito, Salvatore"]
[Black "Mihajlova, Diana"]
[WhiteElo "1564"]
[BlackElo "1478"]
[Result "0-1"]
[PlyCount "106"]
[EventDate "2014.12.05"]

1. e4 d5 2. e5 c5 3. d4 Bf5 4. Nf3 Nc6 5. Bb5 e6 6. O-O c4 7. Re1 Qc7 8. Nc3
Nge7 9. Bf4 Ng6 10. Bg3 Be7 11. Bxc6+ Qxc6 12. a4 Bg4 13. h3 Bh5 14. Bh2 Nh4
15. g4 Nxf3+ 16. Qxf3 Bg6 17. Qe2 O-O 18. f4 Qb6 19. Nb5 a6 20. Nd6 Qxd4+ 21.
Kg2 Bxd6 22. exd6 Be4+ 23. Kg3 f5 24. c3 Qc5 25. Bg1 Qxd6 26. Bd4 g5 27. Be5
gxf4+ 28. Bxf4 e5 29. Bd2 f4+ 30. Kh2 f3 31. Qe3 Rf4 32. Qf2 Rf7 33. Be3 Re8
34. Rad1 Bd3 35. Bc5 Qc7 36. b4 e4+ 37. Kg1 Qd7 38. a5 Re6 39. Qg3 f2+ 40. Bxf2
Rf3 41. Qb8+ Re8 42. Qa7 Rxh3 43. Re3 Qxg4+ 44. Rg3 Rxg3+ 45. Bxg3 Qxd1+ 46.
Kh2 Kf8 47. Qxb7 Qh5+ 48. Kg2 Qf3+ 49. Kh2 Qe2+ 50. Kh3 Qh5+ 51. Kg2 e3 52. Qb6
Be4+ 53. Kg1 Qh1# 0-1

[Event "I Festival dell'Etna A"]
[Site "Nicolosi ITA"]
[Date "2014.12.08"]
[Round "7"]
[White "Novak, Ksenija"]
[Black "Marzaduri, Riccardo"]
[WhiteElo "2087"]
[BlackElo "2132"]
[Result "1-0"]
[PlyCount "83"]
[EventDate "2014.12.05"]

1. Nf3 c5 2. c4 Nc6 3. Nc3 e5 4. e3 Nf6 5. d4 e4 6. d5 exf3 7. dxc6 fxg2 8.
cxd7+ Qxd7 9. Bxg2 Qxd1+ 10. Nxd1 Bd6 11. b3 Rb8 12. Bb2 Bf5 13. Nc3 Be5 14.
O-O-O O-O 15. f4 Bxc3 16. Bxc3 Ne4 17. Bxe4 Bxe4 18. Rhg1 f6 19. Rd6 Rbd8 20.
Rxd8 Rxd8 21. Bxf6 Rd7 22. Be5 Bf3 23. Rf1 Be2 24. Rf2 Bd3 25. Rd2 a6 26. Kb2
b5 27. a3 Kf7 28. Kc3 Bf5 29. Rxd7+ Bxd7 30. Bd6 Ke6 31. Bxc5 Kf5 32. Kd3 Kg4
33. Bd6 Kh3 34. e4 Kxh2 35. f5+ Kg2 36. Be5 Bc6 37. Bxg7 h5 38. e5 Bd7 39. e6
Bc8 40. c5 Bb7 41. f6 h4 42. f7 1-0

[Event "I Festival dell'Etna A"]
[Site "Nicolosi ITA"]
[Date "2014.12.08"]
[Round "7"]
[White "Santagati, Alessandro"]
[Black "Tiviakov, Sergei"]
[WhiteElo "2212"]
[BlackElo "2677"]
[Result "0-1"]
[PlyCount "72"]
[EventDate "2014.12.05"]

1. e4 d5 2. Nc3 dxe4 3. Nxe4 Nd7 4. Bc4 Ndf6 5. Ng5 e6 6. Ne2 h6 7. Nf3 Bd6 8.
d4 Ne7 9. Bd3 b6 10. Bd2 Bb7 11. c4 c5 12. Bc3 Qc7 13. dxc5 bxc5 14. Ng3 Rd8
15. Qe2 Bxf3 16. Qxf3 Be5 17. Bc2 O-O 18. O-O Bxc3 19. Qxc3 Nc6 20. Ne4 Nxe4
21. Bxe4 Nd4 22. Rae1 a5 23. f4 Rfe8 24. Kh1 Rb8 25. Rf2 Qb6 26. g4 Qd8 27. Qh3
f5 28. gxf5 exf5 29. Bd5+ Kh8 30. Rg1 Re7 31. Rfg2 Rb6 32. Qh5 Rf6 33. Rg6 Qd6
34. Rxf6 Qxf6 35. h3 Ne2 36. Rg6 Qf8 0-1

[Event "I Festival dell'Etna A"]
[Site "Nicolosi ITA"]
[Date "2014.12.08"]
[Round "7"]
[White "Savalla, Gianluca"]
[Black "Valguarnera, Girolamo"]
[WhiteElo "1753"]
[BlackElo "2080"]
[Result "0-1"]
[PlyCount "88"]
[EventDate "2014.12.05"]

1. d4 Nf6 2. Bg5 c6 3. Bxf6 gxf6 4. c4 Bg7 5. e3 d6 6. g3 Bf5 7. Bg2 h5 8. h4
Na6 9. a3 Qb6 10. b4 e5 11. Ne2 Rd8 12. Nbc3 Bg4 13. f3 Bf5 14. e4 Bc8 15. d5
f5 16. Rf1 Bh6 17. Qd3 f4 18. gxf4 Rg8 19. Rf2 exf4 20. Qd4 Qxd4 21. Nxd4 Bg7
22. Nde2 Bf6 23. Ra2 Bxh4 24. Nxf4 Bxf2+ 25. Rxf2 h4 26. Bh3 Bxh3 27. Nxh3 Ke7
28. dxc6 bxc6 29. b5 Nc7 30. bxc6 Rb8 31. Nf4 Rg1+ 32. Rf1 Rxf1+ 33. Kxf1 Rb3
34. Ncd5+ Kd8 35. Kf2 Rxa3 36. Nh3 Ra4 37. Ng5 Nxd5 38. cxd5 Ke7 39. Ke3 f6 40.
Nh3 Ra3+ 41. Kf4 a5 42. Kg4 a4 43. Nf4 Rc3 44. Ne2 Rc4 0-1

[Event "I Festival dell'Etna A"]
[Site "Nicolosi ITA"]
[Date "2014.12.08"]
[Round "7"]
[White "Seminara, Antonio"]
[Black "Battaglia, Fabio"]
[WhiteElo "1963"]
[BlackElo "1703"]
[Result "1-0"]
[PlyCount "51"]
[EventDate "2014.12.05"]

1. d4 Nf6 2. Bg5 Ne4 3. h4 h6 4. Bf4 d5 5. f3 Nf6 6. Qd3 Nc6 7. Nc3 a6 8. g4 e6
9. Bg2 b5 10. e3 Bb7 11. Nh3 Rc8 12. a3 Qd7 13. b4 Bd6 14. Rd1 Ne7 15. h5 c6
16. Kf2 Qc7 17. Bxd6 Qxd6 18. e4 e5 19. Rhe1 dxe4 20. dxe5 Qxe5 21. Nxe4 Nxe4+
22. Rxe4 Qc7 23. Rde1 Qb6+ 24. Kg3 O-O 25. Rxe7 c5 26. bxc5 1-0

[Event "I Festival dell'Etna A"]
[Site "Nicolosi ITA"]
[Date "2014.12.08"]
[Round "7"]
[White "Spina, Simonpietro"]
[Black "Signorelli, Gaetano"]
[WhiteElo "1858"]
[BlackElo "2091"]
[Result "1/2-1/2"]
[PlyCount "27"]
[EventDate "2014.12.05"]

1. e4 c5 2. Nc3 e6 3. f4 d5 4. Bb5+ Nc6 5. exd5 exd5 6. d4 a6 7. Bxc6+ bxc6 8.
Qe2+ Qe7 9. Qxe7+ Bxe7 10. Be3 cxd4 11. Bxd4 Nf6 12. Nf3 O-O 13. O-O-O Bb7 14.
Rhe1 1/2-1/2

[Event "I Festival dell'Etna A"]
[Site "Nicolosi ITA"]
[Date "2014.12.08"]
[Round "7"]
[White "Terwagne, Bertrand"]
[Black "Oddo, Salvatore"]
[WhiteElo "1865"]
[BlackElo "1604"]
[Result "1-0"]
[PlyCount "61"]
[EventDate "2014.12.05"]

1. e4 d6 2. d4 Nd7 3. f4 e5 4. Nf3 Ngf6 5. Nc3 Be7 6. Bc4 exd4 7. Qxd4 c5 8.
Qd1 O-O 9. O-O a6 10. a4 Nb6 11. Ba2 a5 12. Be3 Ng4 13. Bf2 Be6 14. Bd5 Bxd5
15. Nxd5 Nxf2 16. Rxf2 Nxd5 17. Qxd5 Qb6 18. b3 Rac8 19. Nd2 Qc6 20. Qxc6 Rxc6
21. Nc4 b6 22. Rd2 f6 23. Rad1 Rd8 24. e5 fxe5 25. fxe5 Kf7 26. exd6 Bf6 27.
Re2 Rd7 28. Rf1 Kg6 29. Re8 h6 30. Rb8 Kh7 31. Rd1 1-0

[Event "I Festival dell'Etna A"]
[Site "Nicolosi ITA"]
[Date "2014.12.08"]
[Round "7"]
[White "Tirenna, Francesco"]
[Black "Dagnino, Marcello"]
[WhiteElo "1422"]
[BlackElo "1524"]
[Result "0-1"]
[PlyCount "128"]
[EventDate "2014.12.05"]

1. d4 Nf6 2. Bf4 c6 3. e3 d6 4. c4 Qa5+ 5. Qd2 Qxd2+ 6. Nxd2 g6 7. h3 Bg7 8.
Ngf3 Nbd7 9. Bd3 O-O 10. O-O Re8 11. Rad1 h6 12. Rfe1 d5 13. c5 Nh7 14. b4 e5
15. dxe5 Nxe5 16. Nxe5 g5 17. Bh2 Bxe5 18. Bxe5 Rxe5 19. Nf3 Re7 20. Nd4 Bd7
21. Bf5 Be6 22. a4 a6 23. Re2 Nf6 24. Nxe6 fxe6 25. Bc2 Kf7 26. Red2 e5 27. f3
Rae8 28. g4 Nd7 29. h4 Rh8 30. h5 Nf8 31. Bb3 Kf6 32. b5 Ne6 33. Rc1 Nc7 34. b6
Ne6 35. a5 Rf8 36. Kf2 Kg7 37. Bd1 Ref7 38. Kg3 Rf6 39. Rf2 Kf7 40. Bb3 Ke7 41.
Rcc2 Rd8 42. Rfd2 Rdf8 43. Rf2 e4 44. fxe4 Rxf2 45. Rxf2 Rxf2 46. Kxf2 Nxc5 47.
exd5 Nxb3 48. dxc6 Nc5 49. c7 Kd7 50. Kf3 Nb3 51. Ke4 Nxa5 52. Kf5 Nc6 53. e4
a5 54. Kg6 a4 55. Kxh6 a3 56. Kxg5 a2 57. h6 a1=Q 58. h7 Qh8 59. Kh6 Ne7 60. g5
Qf8+ 61. Kh5 Qg7 62. e5 Qxh7+ 63. Kg4 Nc8 64. Kf4 Ke6 0-1

[Event "I Festival dell'Etna A"]
[Site "Nicolosi ITA"]
[Date "2014.12.08"]
[Round "7"]
[White "Tondo, Salvatore"]
[Black "Favitta, Amedeo"]
[WhiteElo "1895"]
[BlackElo "1789"]
[Result "0-1"]
[PlyCount "68"]
[EventDate "2014.12.05"]

1. e4 e6 2. d4 d5 3. e5 c5 4. c3 Nc6 5. Nf3 Bd7 6. dxc5 Bxc5 7. Bd3 Qc7 8. Qe2
Nge7 9. Bf4 Ng6 10. Bg3 a5 11. a4 O-O 12. h4 d4 13. h5 Nge7 14. O-O dxc3 15.
Nxc3 Nd4 16. Nxd4 Bxd4 17. Rac1 Qb6 18. Nb5 Bxb5 19. axb5 Rac8 20. Rxc8 Rxc8
21. Bh4 Nf5 22. Qe4 Qc5 23. Bg5 Qxe5 24. Qxb7 Nd6 25. Qd7 Qxg5 26. Qxd6 Rd8 27.
Qc6 Qxh5 28. b6 Qc5 29. Qxc5 Bxc5 30. b7 Kf8 31. Rc1 Ba7 32. Rc6 Ke7 33. Ra6
Bb8 34. Be4 Rd1# 0-1

[Event "I Festival dell'Etna A"]
[Site "Nicolosi ITA"]
[Date "2014.12.08"]
[Round "7"]
[White "Vesce, Emanuele"]
[Black "Pace, Colin"]
[WhiteElo "1895"]
[BlackElo "2095"]
[Result "1/2-1/2"]
[PlyCount "141"]
[EventDate "2014.12.05"]

1. e4 c5 2. Nf3 Nc6 3. c3 d5 4. exd5 Qxd5 5. d4 cxd4 6. cxd4 e5 7. Nc3 Bb4 8.
Bd2 Bxc3 9. Bxc3 e4 10. Nd2 Nf6 11. Nc4 Be6 12. Be2 O-O 13. O-O Rad8 14. Ne3
Qd7 15. Bb5 a6 16. Bxc6 Qxc6 17. Rc1 Qd6 18. Qc2 Rfe8 19. a3 Qf4 20. Ba5 Rxd4
21. Bc7 Qg5 22. Bg3 h5 23. h4 Qb5 24. Qc5 Qxc5 25. Rxc5 Rd2 26. Be5 Nd7 27. Bc3
Nxc5 28. Bxd2 Na4 29. Rc1 Rd8 30. Bc3 b5 31. Ba5 Rc8 32. Rxc8+ Bxc8 33. Nd5 Bb7
34. Ne7+ Kf8 35. Bb4 a5 36. Bd6 Ke8 37. Nf5 g6 38. Nd4 Kd7 39. Be5 Nxb2 40.
Nxb5 Nc4 41. Bc3 Bc6 42. Nd4 Ba4 43. Kh2 Kd6 44. Kg3 Kd5 45. Ne2 Bd1 46. Nc1 a4
47. Bb4 e3 48. fxe3 Nxe3 49. Kf2 Kd4 50. Ke1 Bg4 51. Kf2 Nc2 52. Be7 Kc3 53.
Kg3 Bf5 54. Bf6+ Kd2 55. Bg5+ Kc3 56. Bf6+ Kd2 57. Bg5+ Ke1 58. Be7 Kd1 59. Na2
Kd2 60. Bg5+ Kd3 61. Nc1+ Kc4 62. Be7 Nd4 63. Bb4 Nc2 64. Be7 Be6 65. Kf2 Bd5
66. g3 Nd4 67. Bb4 Nb5 68. Ke3 Be6 69. Kd2 Nd4 70. Ne2 Nb3+ 71. Ke3 1/2-1/2

[Event "I Festival dell'Etna A"]
[Site "Nicolosi ITA"]
[Date "2014.12.08"]
[Round "7"]
[White "Zuccarotto, Salvatore"]
[Black "Pisacane, Pietro"]
[WhiteElo "1727"]
[BlackElo "2110"]
[Result "0-1"]
[PlyCount "75"]
[EventDate "2014.12.05"]

1. Nf3 Nf6 2. d4 g6 3. g3 Bg7 4. Bg2 O-O 5. O-O d6 6. Re1 Nbd7 7. e4 e5 8. c3
Re8 9. dxe5 dxe5 10. Na3 Bf8 11. Nc4 b5 12. Ncxe5 Nxe5 13. Qxd8 Nxf3+ 14. Bxf3
Rxd8 15. e5 Nd5 16. Bg5 Be6 17. Bxd8 Rxd8 18. Rad1 Be7 19. a3 a5 20. Bg2 c6 21.
Rd2 a4 22. h3 Rc8 23. Kh2 Bg5 24. f4 Nxf4 25. Rd6 Nxg2 26. Kxg2 Bd5+ 27. Kf2
Rc7 28. Rd1 Be7 29. R6xd5 cxd5 30. Rxd5 Rc5 31. Rxc5 Bxc5+ 32. Kf3 Kf8 33. Ke4
Ke7 34. Kd5 Be3 35. Kc6 Bc1 36. Kxb5 Bxb2 37. c4 Bxa3 38. Kxa4 0-1

[Event "XVII Festival A"]
[Site "Padova ITA"]
[Date "2014.12.14"]
[Round "1"]
[White "Andreoni, Giuseppe"]
[Black "Vovk, Yuri"]
[WhiteElo "2179"]
[BlackElo "2592"]
[Result "0-1"]
[PlyCount "40"]
[EventDate "2014.12.14"]

1. e4 c5 2. Nf3 e6 3. d4 cxd4 4. Nxd4 a6 5. Nc3 Qc7 6. Bd3 Nf6 7. O-O Bc5 8.
Nb3 Ba7 9. Bg5 Nc6 10. Kh1 h5 11. Bxf6 gxf6 12. f4 d6 13. Qe2 Bd7 14. a4 Ke7
15. Nd5+ exd5 16. exd5+ Kf8 17. dxc6 Bxc6 18. Bf5 Re8 19. Qd3 Rg8 20. Rf3 Re3
0-1

[Event "XVII Festival A"]
[Site "Padova ITA"]
[Date "2014.12.14"]
[Round "1"]
[White "Boraso, Alessio"]
[Black "Rombaldoni, Axel"]
[WhiteElo "2166"]
[BlackElo "2505"]
[Result "0-1"]
[PlyCount "62"]
[EventDate "2014.12.14"]

1. e4 e6 2. d4 d5 3. Nd2 a6 4. Ngf3 Nf6 5. Bd3 c5 6. c3 cxd4 7. cxd4 dxe4 8.
Nxe4 Be7 9. O-O Nc6 10. Re1 O-O 11. Bb1 g6 12. a3 Qb6 13. Qd2 Rd8 14. Qh6 Ng4
15. Qf4 f5 16. Ba2 Nxd4 17. Nxd4 Rxd4 18. Qg3 Bd7 19. Ng5 Rd3 20. Be3 Rxe3 21.
fxe3 Bxg5 22. h3 Bxe3+ 23. Kh1 Bf2 24. Qd3 Bxe1 25. Qxd7 Nf2+ 26. Kh2 Ba5 27.
Rc1 Rd8 28. Bxe6+ Kh8 29. Rc8 Ne4 30. b4 Qd6+ 31. Qxd6 Nxd6 0-1

[Event "XVII Festival A"]
[Site "Padova ITA"]
[Date "2014.12.14"]
[Round "1"]
[White "Bruno, Fabio"]
[Black "Goossens, Hanne"]
[WhiteElo "2437"]
[BlackElo "2090"]
[Result "1/2-1/2"]
[PlyCount "161"]
[EventDate "2014.12.14"]

1. d4 Nf6 2. Nf3 c5 3. e3 g6 4. c4 cxd4 5. exd4 Bg7 6. Nc3 O-O 7. Bg5 d6 8. Be2
Bf5 9. O-O Ne4 10. Nxe4 Bxe4 11. Qd2 Nc6 12. Rfe1 Re8 13. Rad1 Bxf3 14. Bxf3
Nxd4 15. Bxb7 Rb8 16. Bd5 Rxb2 17. Qxb2 Nf3+ 18. Bxf3 Bxb2 19. Bc6 f6 20. Bh6
Kf7 21. Rb1 Be5 22. Be3 Qc8 23. Bxe8+ Qxe8 24. f4 Bc3 25. Rec1 Ba5 26. Rb5 Bb6
27. Bxb6 axb6 28. Rxb6 Qa4 29. Rb7 Qa6 30. Rb2 Qa3 31. Rcb1 Qc5+ 32. Rf2 Qxc4
33. Re1 Qd4 34. h3 h5 35. Ree2 h4 36. Rd2 Qe4 37. Kh2 Qb4 38. Rd3 Qe4 39. Rff3
Qc4 40. a3 d5 41. a4 Qxa4 42. Rxd5 Qe4 43. Rd1 Qa4 44. Re1 Qb4 45. Rff1 f5 46.
Kh1 Kf6 47. Rb1 Qe4 48. Rb6+ Kf7 49. Rb8 Kg7 50. Rc8 Qb4 51. Rd8 Qe4 52. Rb8
Kf7 53. Rb3 Kg7 54. Rff3 Kf7 55. Rb5 Qc4 56. Re5 Kf8 57. Re1 Kf7 58. Rfe3 Qxf4
59. Rxe7+ Kf6 60. Rb7 Kg5 61. Rb6 Qf2 62. Reb1 Qf4 63. Re6 Qc4 64. Rd6 Qf4 65.
Rbd1 Qe5 66. R6d5 Qe2 67. R5d2 Qe5 68. Rd3 Qe2 69. Kg1 Qe5 70. Kf2 Qf4+ 71. Rf3
Qc4 72. Kg1 Qe4 73. Kh1 Qe2 74. Rff1 Qe4 75. Rde1 Qb4 76. Rg1 Qf4 77. Re2 Qc4
78. Re3 Qd4 79. Rge1 Qf4 80. Rf3 Qd2 81. Ref1 1/2-1/2

[Event "XVII Festival A"]
[Site "Padova ITA"]
[Date "2014.12.14"]
[Round "1"]
[White "Delchev, Aleksander"]
[Black "Santeramo, Alessia Carmen"]
[WhiteElo "2627"]
[BlackElo "2203"]
[Result "1-0"]
[PlyCount "65"]
[EventDate "2014.12.14"]

1. e4 c5 2. Nf3 e6 3. d4 cxd4 4. Nxd4 a6 5. Nc3 Qc7 6. Bd3 Nf6 7. O-O Nc6 8.
Nxc6 dxc6 9. f4 Bc5+ 10. Kh1 e5 11. Qe1 h5 12. Qh4 Ng4 13. f5 b5 14. h3 Nf6 15.
Bg5 Be7 16. a4 b4 17. Nb1 a5 18. Nd2 Bb7 19. Bc4 Rd8 20. Nf3 Qd6 21. Rfe1 Qc5
22. b3 Nd7 23. Rad1 Bf6 24. Rd2 Ke7 25. Red1 Qb6 26. Qg3 Qc7 27. Bxf6+ gxf6 28.
Qg7 Rhf8 29. Nh4 Ke8 30. Ng6 fxg6 31. Qxg6+ Ke7 32. Qg7+ Ke8 33. Rd6 1-0

[Event "XVII Festival A"]
[Site "Padova ITA"]
[Date "2014.12.14"]
[Round "1"]
[White "Dvirnyy, Danyyil"]
[Black "Quaranta, Cristiano"]
[WhiteElo "2515"]
[BlackElo "2169"]
[Result "1-0"]
[PlyCount "69"]
[EventDate "2014.12.14"]

1. e4 c5 2. b3 Nc6 3. Bb2 e5 4. Bc4 d6 5. Ne2 g6 6. O-O Bg7 7. Nbc3 Nge7 8. a4
O-O 9. Nd5 Kh8 10. f4 f5 11. d3 Rb8 12. Qd2 b6 13. Nxe7 Qxe7 14. Rae1 fxe4 15.
dxe4 Be6 16. Bd5 Nd4 17. fxe5 Nxe2+ 18. Qxe2 Bxe5 19. Bxe5+ dxe5 20. Qc4 Bd7
21. Qa6 Kg7 22. a5 Be8 23. Ra1 Rxf1+ 24. Kxf1 b5 25. Kg1 Rd8 26. Rf1 Rd6 27. c3
Rf6 28. Qc8 Rxf1+ 29. Kxf1 Kf6 30. Kg1 Kg5 31. Qa6 h5 32. g3 Kh6 33. h4 Kg7 34.
Kg2 Bf7 35. Qc8 1-0

[Event "XVII Festival A"]
[Site "Padova ITA"]
[Date "2014.12.14"]
[Round "1"]
[White "Godena, Michele"]
[Black "Sorbera, Giovanni"]
[WhiteElo "2495"]
[BlackElo "2166"]
[Result "1-0"]
[PlyCount "79"]
[EventDate "2014.12.14"]

1. e4 c5 2. c3 d5 3. exd5 Qxd5 4. d4 Nc6 5. Nf3 Bg4 6. Be2 e6 7. h3 Bh5 8. c4
Qd7 9. g4 cxd4 10. gxh5 e5 11. Nh4 f5 12. Nc3 Be7 13. Nxf5 Qxf5 14. Bg4 Qf7 15.
Nd5 Bd8 16. Qf3 Nf6 17. Bd2 O-O 18. O-O-O Nxg4 19. Qxg4 Ne7 20. Rhg1 Nxd5 21.
cxd5 Bf6 22. Kb1 Qxd5 23. Rc1 Rf7 24. h6 g6 25. h4 Kh8 26. h5 gxh5 27. Qxh5 Qd7
28. Rce1 Rg8 29. Rxg8+ Kxg8 30. f4 exf4 31. Bxf4 d3 32. Bd2 Rf8 33. Qc5 Rc8 34.
Rg1+ Kh8 35. Qb4 a5 36. Qf4 Qe6 37. Rf1 Be5 38. Qe4 Qd6 39. Rf7 Bg7 40. Rxg7
1-0

[Event "XVII Festival A"]
[Site "Padova ITA"]
[Date "2014.12.14"]
[Round "1"]
[White "Lazic, Miroljub"]
[Black "Fregonese, Giulio"]
[WhiteElo "2459"]
[BlackElo "2129"]
[Result "1-0"]
[PlyCount "107"]
[EventDate "2014.12.14"]

1. g3 Nf6 2. Bg2 d5 3. Nf3 g6 4. c4 Bg7 5. cxd5 Nxd5 6. Nc3 O-O 7. Nxd5 Qxd5 8.
O-O c5 9. d3 Qh5 10. Qc2 Na6 11. Re1 Bh3 12. Bh1 Bd7 13. Ng5 Rab8 14. Qc4 Qg4
15. Bf4 e5 16. Bf3 Qf5 17. Be3 Bc6 18. Ne4 h6 19. Bxc5 Nxc5 20. Qxc5 Qe6 21.
Qxa7 Ra8 22. Qb6 Rxa2 23. Rxa2 Qxa2 24. Nc3 Qe6 25. Bxc6 Qxc6 26. Qxc6 bxc6 27.
Rc1 Rb8 28. Na4 e4 29. dxe4 Rb4 30. Nc5 Rxb2 31. Kf1 Rb4 32. f3 Bd4 33. Nd3 Rb6
34. f4 Kf8 35. Rc4 Ba1 36. Nb4 c5 37. Nc2 Rb1+ 38. Kg2 Rc1 39. Rxc5 Bd4 40. Rc4
Bb6 41. e3 h5 42. h4 Ke7 43. e5 Kd7 44. Kf2 Rh1 45. Nd4 Rh2+ 46. Kf3 Rh1 47.
e6+ fxe6 48. Nxe6 Rf1+ 49. Kg2 Re1 50. Nf8+ Ke8 51. Nxg6 Re2+ 52. Kh3 Rxe3 53.
Rc8+ Kf7 54. Ne5+ 1-0